Manorama year book 2011 (Record no. 2500)

MARC details
000 -LEADER
fixed length control field 00381 a2200169 4500
001 - CONTROL NUMBER
control field 068859
003 - CONTROL NUMBER IDENTIFIER
control field OSt
005 - DATE AND TIME OF LATEST TRANSACTION
control field 20220326114405.0
008 - FIXED-LENGTH DATA ELEMENTS--GENERAL INFORMATION
fixed length control field
082 ## - DEWEY DECIMAL CLASSIFICATION NUMBER
Classification number 805
Item number M31S
100 1# - MAIN ENTRY--PERSONAL NAME
Personal name Manorama
245 1# - TITLE STATEMENT
Title Manorama year book 2011
Statement of responsibility, etc by Manorama
260 ## - PUBLICATION, DISTRIBUTION, ETC. (IMPRINT)
Place of publication, distribution, etc Delhi
Name of publisher, distributor, etc Manorama
Date of publication, distribution, etc 2011
300 ## - PHYSICAL DESCRIPTION
Extent 1039p.
653 ## - INDEX TERM--UNCONTROLLED
Uncontrolled term India
942 ## - ADDED ENTRY ELEMENTS (KOHA)
Source of classification or shelving scheme Dewey Decimal Classification
Koha item type Books
Holdings
Withdrawn status Lost status Source of classification or shelving scheme Damaged status Not for loan Collection code Home library Current library Date acquired Source of acquisition Cost, normal purchase price Total Checkouts Full call number Barcode Date last seen Price effective from Koha item type
    Dewey Decimal Classification     General Text Book Central University Of Rajasthan Central University Of Rajasthan 07/03/2012 CLB 160.00   805 M31S 3146 02/09/2020 02/09/2020 Books